000 00715nam a2200205Ii 4500
003 JO-AjNU
008 230605s9999||||xx |||||||||||||| ||und||
040 _aJO-AjNU
_bara
_erda
_cJO-AjNU
041 _aara
050 1 4 _aBP170.85.J8622 1984
100 3 _aالجندي، أنور,
_eauthor
_910236
245 0 0 _aآفاق جديدة للدعوة الإسلامية في عالم الغرب
250 _aط1
264 3 1 _aبيروت: مؤسسة الرسالة للطباعة والنشر والتوزيع، 1984
300 _a380ص
336 _atext
_btxt
_2rdacontent
337 _aunmediated
_bn
_2rdamedia
338 _avolume
_bnc
_2rdacarrier
650 4 _aالدعوة الاسلامية- اوروبا
_910237
999 _aA1704
_c5272
_d5272